Mechatronics (Record no. 310667)

MARC details
000 -LEADER
fixed length control field 00452nam a2200169Ia 4500
008 - FIXED-LENGTH DATA ELEMENTS--GENERAL INFORMATION
fixed length control field 230718s9999 xx 000 0 und d
020 ## - INTERNATIONAL STANDARD BOOK NUMBER
International Standard Book Number 9780070483743
041 ## - LANGUAGE CODE
Language code of text/sound track or separate title eng
082 ## - DEWEY DECIMAL CLASSIFICATION NUMBER
Classification number 621
Item number MAH
100 ## - MAIN ENTRY--PERSONAL NAME
Personal name Mahalik N.P.
9 (RLIN) 152400
245 ## - TITLE STATEMENT
Title Mechatronics
Remainder of title Principles Concepts and Applications
260 ## - PUBLICATION, DISTRIBUTION, ETC. (IMPRINT)
Date of publication, distribution, etc. 2003
Name of publisher, distributor, etc. Tata Mc Graw-Hill
300 ## - PHYSICAL DESCRIPTION
Extent 589
365 ## - TRADE PRICE
Currency code Rs.
Price amount 275.00
700 ## - ADDED ENTRY--PERSONAL NAME
Personal name Mahalik N.P.
9 (RLIN) 152400
906 ## - LOCAL DATA ELEMENT F, LDF (RLIN)
d 116/30/4/05
c INST
b 55
Holdings
Withdrawn status Lost status Damaged status Not for loan Home library Current library Date acquired Vendor Budget Code Cost, normal purchase price Bill number Total Checkouts Full call number Barcode Date last seen Discount Cost, replacement price Bill Date Koha item type Original Barcode
        Cummins College of Engineering for Women Pune Cummins College of Engineering for Women Pune 09/06/2005 Goels Computer Hut INST 220.00 116/30/4/05   621 CCEP-BK-21874 18/07/2023 55 275.00 30/04/2005 Books 021874